000 00376nam a22001577a 4500
020 _a978-93-5027
082 _a510
_bAGG/M
100 _aR.S.AGGARWAL
245 _a12 MATHEMATICS
246 _a12 MATHEMATICS
_b12 MATHEMATICS
260 _aPATNA
_bBHARAI BHAVAN
_c2022
300 _a1390
520 _aMATHEMATICS PROBLEM SOLUTIONS
650 _aMATHEMATICS
942 _cBK
999 _c6826
_d6826